Online
Catalog

Toussaint Louverture fonde á St.Domingue la liberté et l´égalité : (Record no. 22145)

MARC details
000 -CABECERA
campo de control de longitud fija 01213nam a2200313 a 4500
001 - NÚMERO DE CONTROL
campo de control 000022648
005 - FECHA Y HORA DE LA ÚLTIMA TRANSACCIÓN
campo de control 20200930021721.0
008 - DATOS DE LONGITUD FIJA--INFORMACIÓN GENERAL
campo de control de longitud fija 101014s2004 ht 001 0dspa d
020 ## - NÚMERO INTERNACIONAL ESTÁNDAR DEL LIBRO
ISBN cancelado o inválido 9993580236
040 ## - FUENTE DE LA CATALOGACIÓN
Centro catalogador/agencia de origen DO-SdBNP
Lengua de catalogación spa
Centro/agencia transcriptor BNPHU
041 17 - CÓDIGO DE LENGUA
Fuente del código fre
082 ## - NÚMERO DE LA CLASIFICACIÓN DECIMAL DEWEY
Número de clasificación 972.94
Número de documento/Ítem N436t, 2004
049 ## - FONDOS LOCALES (OCLC)
Fondos de biblioteca BNPD
100 1# - ENTRADA PRINCIPAL--NOMBRE DE PERSONA
Nombre de persona Nemours, Alfred,
Fechas asociadas al nombre 1883-1955
9 (RLIN) 46607
245 10 - MENCIÓN DE TÍTULO
Título Toussaint Louverture fonde á St.Domingue la liberté et l´égalité :
Resto del título avec des documents inédits /
Mención de responsabilidad, etc. Général Nemours.
250 ## - MENCIÓN DE EDICIÓN
Mención de edición ed. facsimilar
260 ## - PUBLICACIÓN, DISTRIBUCIÓN, ETC.
Lugar de publicación, distribución, etc. Port-au-Prince, Haití :
Nombre del editor, distribuidor, etc. Fardin,
Fecha de publicación, distribución, etc. [2004].
300 ## - DESCRIPCIÓN FÍSICA
Extensión 103 p. ;
Dimensiones 22 cm.
490 1# - MENCIÓN DE SERIE
Mención de serie Collection du Bicentenaire
500 ## - NOTA GENERAL
Nota general Incluye reproducción facsímilar de la portada de la edición: Port-au-Prince, Haití : Collége Vertiéres, 1945.
504 ## - NOTA DE BIBLIOGRAFÍA, ETC.
Nota de bibliografía, etc. Bibliografía: p.97-102.
533 ## - NOTA DE REPRODUCCIÓN
Tipo de reproducción Facsímilar:
Lugar de la reproducción Port-au-Prince, Haití:
Institución responsable de la reproducción Collége Vertiéres,
Fecha de la reproducción 1945.
546 ## - NOTA DE LENGUA/LENGUAJE
Nota de lengua/lenguaje Francés
600 14 - PUNTO DE ACCESO ADICIONAL DE MATERIA--NOMBRE DE PERSONA
Nombre de persona LOUVERTURE, TOUSSAINT,
Fechas asociadas al nombre 1743-1803
9 (RLIN) 46608
651 #4 - PUNTO DE ACCESO ADICIONAL DE MATERIA--NOMBRE GEOGRÁFICO
Nombre geográfico Haití
Subdivisión general Historia
Subdivisión cronológica REVOLUCIÓN, 1791-1804
9 (RLIN) 9645
651 #4 - PUNTO DE ACCESO ADICIONAL DE MATERIA--NOMBRE GEOGRÁFICO
Nombre geográfico República Dominicana
Subdivisión general Historia
9 (RLIN) 170
830 #0 - PUNTO DE ACCESO ADICIONAL DE SERIE-TÍTULO UNIFORME
Título uniforme Collection du Bicentenaire
9 (RLIN) 46609
910 ## - DATOS DE OPCIÓN DEL USUARIO (OCLC)
Datos de opción del usuario Validado. Control de la calidad EMS.
Holdings
Estado de retiro Estado de pérdida Restricciones de uso No para préstamo Código de colección Localización permanente Ubicación/localización actual Ubicación en estantería Fecha de adquisición Número de inventario Total de préstamos Signatura topográfica completa Código de barras Fecha visto por última vez Precio válido a partir de Tipo de ítem Koha Número de copia
      Excluido de préstamo Monografías: Libros y Folletos Patrimonio Dominicano Patrimonio Dominicano Depósito 14.10.2010 LF1   972.94 N436t, 2004 22648-10 25.06.2020 25.06.2020 No se presta  
      Excluido de préstamo Monografías: Libros y Folletos Patrimonio Dominicano Patrimonio Dominicano Depósito 14.10.2010 LF1   972.94 N436t, 2004 22648-20 25.06.2020 25.06.2020 No se presta e. 2

Powered by Koha